| 000 | 00754nam a22002417a 4500 | ||
|---|---|---|---|
| 999 |
_c6186 _d6186 |
||
| 003 | AR-CdUCM | ||
| 008 | 190313b ||||| |||| 00| 0 spa d | ||
| 040 |
_aMUNICIPALIDAD PROVINCIAL DEL CUSCO _cBIBLIOTECA MUNICIPAL DEL CUSCO |
||
| 082 |
_a868.3 / _bT58 |
||
| 100 |
_aTimoneda, Juan _917867 |
||
| 245 | _aEl patrañuelo / | ||
| 260 |
_aMadrid : _bEditorial Magisterio Español, _c1968. |
||
| 300 |
_a212 paginas ; _c17 cm. |
||
| 440 |
_aColección novelas y cuentos _917868 |
||
| 440 |
_aSerie literatura española _99597 |
||
| 500 | _aDonación familia Nieto | ||
| 505 | _aContenido :Novela / | ||
| 650 |
_aLiteratura española _9362 |
||
| 650 |
_aNovelas españolas _9584 |
||
| 650 |
_aEdad de Oro _9870 |
||
| 942 |
_2ddc _cLIBROS |
||
| 945 | _arjall | ||